Statistiken für Allgemeinquiz Castrop

Klicken Sie hier um das Quiz zu spielen!

Allgemein

  • Dieses Quiz wurde 4 mal gespielt
  • Das Durchschnittsergebnis liegt bei 7 aus 13

Antwortstatistiken

HintAntwort% Korrekt
Wieviele Stadtteile gibt es?15
67%
Wann wurde Castrop-Rauxel gegründet (Bzw. Schlossen sich Castrop und Rauxel zusammen)1 April 1926
67%
Bevölkerungsreichster StadtteilIckern
67%
BürgermeisterRajko Kravanja
67%
In welchem Stadtteil ist der so genannte Mittelpunkt (nicht die Innenstadt)Rauxel
67%
Nenne eine Sehenswürdigkeit in der InnenstadtReiterbrunnen/Lambertuskirche/Lutherkirche/Leo/Gondelteich
67%
Nenne 3 Parks in CastropStadtgarten/Erinpark/Goldschmieding/Rennwiese/Erlebnispark Emscherland/Gerkopark/Brandheide/Beerenbruch/Schleusenpark/Becklemer Busch/Grutholz/Langeloh/Wiesental/Stadtgarten
67%
Nenne 3 Parks in CastropStadtgarten/Erinpark/Goldschmieding/Rennwiese/Erlebnispark Emscherland/Gerkopark/Brandheide/Beerenbruch/Schleusenpark/Becklemer Busch/Grutholz/Langeloh/Wiesental/Stadtgarten
67%
Nenne 3 Parks in CastropStadtgarten/Erinpark/Goldschmieding/Rennwiese/Erlebnispark Emscherland/Gerkopark/Brandheide/Beerenbruch/Schleusenpark/Becklemer Busch/Grutholz/Langeloh/Wiesental/Stadtgarten
67%
Einwohnerzahl (auf 10000 gerundet)70000
33%
Ein Event in der InnenstadtCastrop kocht über/Frühlingskirmes/Herbstkirmes/Weihnachtsmarkt/Weihnachtszelt
33%
Welcher Kanal fliesst durch Castrop (Emscher ausgeschlossen)Rhein Herne Kanal
33%
Grösster FussballvereinSV Wacker Obercastrop
0%

Verteilung der Resultate

Perzentil nach korrekt beantworteten Fragen

Anzahl Personen mit jedem Resultat

Ihre Resultats-Entwicklung

Sie haben dieses Quiz noch nicht gespielt